| 000 | 00594nam a22001937a 4500 | ||
|---|---|---|---|
| 999 |
_c6642 _d6642 |
||
| 003 | OSt | ||
| 005 | 20200217101959.0 | ||
| 008 | 200217b ||||| |||| 00| 0 eng d | ||
| 020 | _a0333730801 | ||
| 040 | _c040a | ||
| 082 |
_a300 _bWAN 1998 |
||
| 100 |
_aWang, Fei-Ling _913666 |
||
| 245 |
_aInstitutions and institutional change in china : _bpremodernity and modernization / _cFei-Ling Wang |
||
| 260 |
_aHampshire _bMacmillan press _c1998 |
||
| 300 |
_axviii, 227p; _bill : _c11 cm. |
||
| 504 | _aIncludes bibliographical references and index | ||
| 650 | _2Instituitons | ||
| 942 |
_2ddc _cO_SHELF |
||